000 00671cam a2200229 4500
001 J1881
008 090401t1993 xxu||||| |||| 00| 0 eng d
035 _a(Sirsi) u45961
041 _aeng
050 _a338.181
110 _aSavills
_92020
245 _aMilk contracts in England & Wales: summary of most widely available contracts as at 21/10/93.
260 _aLondon
_bSavills
_c1993
300 _a1 sheet ; 30cm.
350 _a0
520 _aAlso includes Milk Pricing Basis for Most Widely Available Contracts in England and Wales.
650 _aMILK CONTRACTS
650 _aMILK MARQUE
690 _aRURAL PRACTICE
942 _n0
948 _c04/03/1997
999 _c91855
_d91855